Cellokonzert ; Rokoko-Variationen

Saved in:
Bibliographic Details
Main Author: Dvorak, Antonin 1841-1904
Corporate Author: Berliner Philharmoniker
Other Authors: Tchaikovsky, Peter Ilich 1840-1893, Karajan, Herbert von (Conductor), Rostropovich, Mstislav 1927- (Performer)
Format: CD Audio
Language:No linguistic content
Published: Germany : Polydor, p1969
Subjects:
Tags: Add Tag
No Tags, Be the first to tag this record!

MARC

LEADER 00000njm a2200000 i 4500
001 1/83607
007 sd fs gn m ed
008 990608s1969 gw zxxod
028 0 3 |a GH 413819-2 
035 |l 10051392 
040 |a GR-MY-UA  |b fre  |e aacr 
041 0 |g eng  |g ger 
082 0 |a 784.274 
100 1 |a Dvorak, Antonin  |d 1841-1904. 
245 1 0 |a Cellokonzert ; Rokoko-Variationen  |h [sound recording] /  |c Antonin Dvorak, Peter Tschaikowsky 
246 3 3 |a Concerto for violoncello 
260 |a Germany :   |b Polydor,   |c p1969 
300 |a 1 sound disc (56 min., 43 sec.) : digital. stereo. ; 4 3/4 in.  |e 1 booklet 
500 |a Includes "Concerto for cello and orchestra in B minor, op.104 -- Variations on a Rococo theme for cello and orchestra, op.33" 
511 |a Mstislav Rostropovoch, violoncello ; Berliner Philharmoniker ; Herbert von Karajan 
650 0 0 |a Concertos (Violoncello) 
700 1 |a Tchaikovsky, Peter Ilich  |d 1840-1893. 
700 1 |a Karajan, Herbert von.  |4 cnd 
700 1 |a Rostropovich, Mstislav  |d 1927-  |4 prf 
710 2 |a Berliner Philharmoniker. 
852 |a INST  |b SAMOS  |c AV  |e 19990608  |h 784.274 DVO  |p 005300010426  |q 005300010426  |t CD  |y 23 
901 |a BIBL-1999-1 
909 |a Σ  |b 039478 
922 |a 3ΕΛΗ  |b 199901  |c ΤΜΗΜΑ ΜΑΘΗΜΑΤΙΚΩΝ  |d ΛΕΣΧΗ ΔΙΣΚΟΥ